Statistics for Republican Presidential Candidates 1900-2020

Click here to take the quiz!

General Stats

  • This quiz has been taken 293 times
    (204 since last reset)
  • The average score is 17 of 21

Answer Stats

yearcandidate% Correct
2016, 2020Donald Trump
99%
1988, 1992George Bush sr
99%
2000, 2004George W Bush
99%
1960, 1968, 1972Richard Nixon
98%
1980, 1984Ronald Reagan
98%
2012Mitt Romney
94%
1952, 1956Dwight Eisenhower
93%
2008John McCain
93%
1976Gerald Ford
91%
1904Theodore Roosevelt
91%
1928, 1932Herbert Hoover
90%
1924Calvin Coolidge
85%
1908, 1912William Howard Taft
83%
1996Bob Dole
80%
1920Warren Harding
77%
1900William McKinley
73%
1964Barry Goldwater
70%
1944, 1948Thomas Dewey
70%
1940Wendell Willkie
52%
1936Alf Landon
48%
1916Charles Evans Hughes
34%

Score Distribution

Percentile by Number Answered

Percent of People with Each Score

Your Score History

You have not taken this quiz since the last reset